01126nam a22002177a 45000010005000000030006000050050017000110080041000280200018000690400029000870500009001160820011001251000020001362450087001562600037002433000047002804900025003275200498003526500034008506500024008847227FISKH20250703095637.0250703b cb ||||| |||| 00| 0 eng d a9780545368285 aFISKHbengcFISKHdFISKH aPZ7  a 523.4 aFurgang, Kathy  aAsteroids and Comets : bScience vocabulary words in Every book!/ cKathy Furgang  aNew York : bScholastic, c2012. a32 pages : bcolor illustrations ; c23 cm aSmart words readers  aDid you know that an asteroid is heading our way? It is! The asteroid is named Apophis, and it is scheduled to fly by in April 2029, on Friday the 13th. But there is no reason to worry - it's going to come mighty close but will not strike Earth. We know this because scientists keep an eye on all objects that come near us. You can learn all about asteroids along with 20 new science Smart Words that will help you understand what asteroids are, where they are found, and where they are going! aAstronomyvCometsxVocabulary aSolar systemvSpace